Govt. of
Madhya Pradesh

Lucknow : The City Of Cultural (Record no. 53095)

MARC details
000 -LEADER
fixed length control field 00417nam a22001697a 4500
003 - CONTROL NUMBER IDENTIFIER
control field macl
005 - DATE AND TIME OF LATEST TRANSACTION
control field 20160203150141.0
008 - FIXED-LENGTH DATA ELEMENTS--GENERAL INFORMATION
fixed length control field 160203b xxu||||| |||| 00| 0 eng d
040 ## - CATALOGING SOURCE
Transcribing agency macl
041 ## - LANGUAGE CODE
Language code of text/sound track or separate title English
082 ## - DEWEY DECIMAL CLASSIFICATION NUMBER
Classification number 720/CHO
100 ## - MAIN ENTRY--PERSONAL NAME
Personal name Chopra Sandeep
9 (RLIN) 36665
245 ## - TITLE STATEMENT
Title Lucknow : The City Of Cultural
260 ## - PUBLICATION, DISTRIBUTION, ETC. (IMPRINT)
Place of publication, distribution, etc. Allahabad
Name of publisher, distributor, etc. Point Publication
Date of publication, distribution, etc. 2012
650 ## - SUBJECT ADDED ENTRY--TOPICAL TERM
Topical term or geographic name as entry element Caltural
9 (RLIN) 36666
942 ## - ADDED ENTRY ELEMENTS (KOHA)
Source of classification or shelving scheme
Koha item type Books
Holdings
Withdrawn status Lost status Source of classification or shelving scheme Damaged status Not for loan Home library Current library Date acquired Cost, normal purchase price Total Checkouts Total Renewals Full call number Barcode Date last seen Date last checked out Price effective from Koha item type
          MACL MACL 03/02/2016 325.00 3   720/CHO CRE031163 02/05/2024 11/10/2022 03/02/2016 Books